Thomas Jefferson: humanista americano
Guardat en:
| Autor principal: | |
|---|---|
| Format: | Llibre |
| Idioma: | espanyol |
| Publicat: |
Ciudad de México
Prisma
1985
|
| Matèries: | |
| Etiquetes: |
Afegir etiqueta
Sense etiquetes, Sigues el primer a etiquetar aquest registre!
|
MARC
| LEADER | 00000nam a2200000 a 4500 | ||
|---|---|---|---|
| 001 | UCY3656 | ||
| 003 | CL-VaPUC | ||
| 008 | 950111e19850000MX |||||||||||||||||spa|d | ||
| 082 | 0 | 4 | |a 923.1 |b LEH |2 21 |
| 100 | |a Lehmann Hartleben, Karl |e autor |9 584877 | ||
| 245 | 1 | 0 | |a Thomas Jefferson: humanista americano |
| 300 | |a 254 p | ||
| 942 | |c BK | ||
| 945 | |d 19950111 00:00:00 |a rbrito | ||
| 260 | |a Ciudad de México |b Prisma |c 1985 | ||
| 600 | 0 | |a Jefferson, Thomas |d 1743-1826 |9 719853 | |
| 650 | 0 | |a Humanismo |9 256530 | |
| 650 | 0 | |a Crítica e interpretación |9 255042 | |
| 583 | |a last modification |c 19950111 00:00:00 |k Rodrigo Vera | ||
| 999 | |c 231735 |d 231733 | ||
| 952 | |0 0 |1 0 |4 0 |6 923_100000000000000_LEH_1985 |7 0 |8 A |9 235352 |a BIBEDU |b BIBEDU |d 2019-11-15 |i 3036022 |o 923.1 LEH 1985 |p 3036022 |r 2019-11-15 |w 2019-11-15 |y BK |k EDU | ||